000 00611nam a22001817a 4500
005 20251108164400.0
008 250721s2000 xx 000 0 ara d
082 1 4 _aم/720.03/رزق
100 1 _aرزق، عاصم محمد
_eمؤلف
245 1 0 _aمعجم مصطلحات العمارة و الفنون الإسلامية /
264 1 _aالقاهرة :
_bمكتبة مدبولي،
_c2000.
300 _a977ص . , ملاحق
650 1 7 _aالفنون الإسلامية
650 1 7 _aالعمارة الإسلامية
650 1 7 _aمعاجم المصطلحات
942 _2ddc
_cREF
999 _c10782
_d10782